[Event "Dortmund SuperGM 38th"]
[Site "Dortmund"]
[Date "2010.07.18"]
[Round "4"]
[White "Mamedyarov, Shakhriyar"]
[Black "Kramnik, Vladimir"]
[Result "1/2-1/2"]
[WhiteElo "2761"]
[BlackElo "2790"]
[Annotator "Marin,M"]
[PlyCount "62"]
[EventDate "2010.07.15"]
[EventType "tourn"]
[EventRounds "10"]
[EventCountry "GER"]
[EventCategory "20"]
[SourceTitle "CBM 138"]
[Source "ChessBase"]
[SourceDate "2010.09.17"]
[SourceVersion "1"]
[SourceVersionDate "2010.09.17"]
[SourceQuality "1"]

1. d4 d5 2. c4 e6 3. Nc3 Be7 4. Nf3 Nf6 5. Bf4 O-O 6. e3 Nbd7 {At the present
state of theory, the most reliable continuation.} ({Practice of the past years,
partly based on Kramnik's games, has proved that after} 6... c5 7. dxc5 Bxc5 {
Black faces an unpleasant fight for equality. By dveeloping the knight, Black
does not discard his intentions yet and certainly avoids losing a tempo with ..
.Be7xc5, at a moment when his dveelopment is incomplete yet.}) 7. a3 {This is
considered the most refined continuation.} ({The apparently more refined} 7.
Rc1 {leaves the a5-e1 diagonal and the a2-pawn poorly defended after} c5 8.
cxd5 Nxd5 9. Nxd5 exd5 10. dxc5 Nxc5 {The threat of ...Qa5+ forces White to
spend a tempo on} 11. a3 {anyway. Compared with the main game, the move Rc1
may be regarded as a relative loss of tempo, which delays castling. In the
following game, Black managed to take advantage of the king's delayed presence
in the centre.} Bg4 12. Be2 Ne6 13. Be5 Bf6 14. Bxf6 Qxf6 15. Qd2 Rad8 16. Nd4
Bxe2 17. Nxe6 Qxe6 18. Qxe2 Rfe8 19. O-O d4 20. Rfd1 Qb6 21. Rd3 dxe3 22. Rxe3
Rxe3 23. fxe3 g6 $15 {Acs,P (2544)-Berkes,F (2645)/Paks 2008/CBM 126 (0-1, 58)}
) (7. Bd3 {has the drawback of defining the bishop's position too soon. Apart
from the natural capture on c4, which wins a tempo for Black, there also is
the ambitious continuation} c5 8. cxd5 Nxd5 9. Nxd5 exd5 10. O-O ({White has
nothing better than allowing Black build up a dangerous queenside majority,
since after} 10. dxc5 Nxc5 11. O-O Bg4 {he practically would have to lose a
tempo with} 12. Be2) 10... c4 11. Bc2 b5 12. e4 Nb6 13. Re1 Be6 {Kortschnoj,V 
(2659)-Lputian,S (2605)/Wijk aan Zee 2000/CBM 075/[Kortschnoj] (0-1, 47). The
whole line based on 6...Nbd7 started becoming popular after this game.}) 7...
c5 8. cxd5 Nxd5 9. Nxd5 exd5 10. dxc5 Nxc5 {We can see that Black has opened
the centre without losing time with his bishop. The knight manoeuvre has not
been completed yet. The plan involves ...Bg4 followed by ...Ne6, depriving
White of the control of the important d4-square.} 11. Be5 Bg4 ({During his
match against Anand, Kramnik preferred} 11... Bf5 {, which eventually led to
the exchange of the light-squared bishop for the white knight under slightly
different circumstances:} 12. Be2 Bf6 13. Bxf6 Qxf6 14. Nd4 Ne6 15. Nxf5 Qxf5
16. O-O Rfd8 17. Bg4 Qe5 18. Qb3 Nc5 19. Qb5 b6 20. Rfd1 Rd6 21. Rd4 a6 22. Qb4
h5 23. Bh3 Rad8 {Anand,V (2783)-Kramnik,V (2772)/Bonn 2008/CBM 127/[Marin,M] 
(1/2, 29). With a comfortable regrouping for Black.}) 12. Be2 Bxf3 $5 {The
latest trend. Giving up the bishop without being forced to is justified by a
series of concrete details.} ({The natural} 12... Ne6 {is met by} 13. h3 Bxf3
14. Bxf3 {, forcing Black to give up a pawn with} d4 15. Bxd4 Nxd4 16. Qxd4
Qxd4 17. exd4 Rac8 18. O-O Rc7 19. Rad1 Rd8 {Kramnik,V (2772)-Adams,M (2698)/
London 2009/CBM 134/[Krasenkow] (1/2, 46). True, this ending looks very
difficult if not impossible to win.}) ({After} 12... Bf6 13. Bxf6 Qxf6 {
White can take advantage of the presence of his knight on board with} 14. Qd4
$1 $14 {, maintaining chances for a small advantage, see for instance Atalik,S
(2599)-Doettling,F (2503)/Baden-Baden 2003/CBM 096/[Atalik] (1/2, 42)}) 13.
Bxf3 Bf6 14. Bxf6 Qxf6 15. O-O {After the white castle, the threat of
capturing on d5 becomes real.} Rfd8 $5 $146 (15... Qxb2 {offers White some
initiative.} 16. Qxd5 Rac8 17. Rfd1 Qf6 18. Qd4 Qe7 19. Qb4 Rfd8 20. h3 b6 21.
a4 Rxd1+ 22. Rxd1 Rd8 23. Rd4 {1/2 Erdos,V (2591)-Nielsen,P (2687)/Germany
2009/CBM 133 Extra. This game is only partly rleevant. Maybe White can find a
form of speeding up a4-a5, weakening the enemy queenside and keeping a
dangerous kingside majority.}) (15... Rad8 {is inferior to the text move.} 16.
Rc1 $1 (16. Qd4 $6 Qxd4 17. exd4 Ne4 18. Rfd1 f5 {1/2 Kunte,A (2513)-Mas,H 
(2421)/Parramatta 2009/CBM 129 Extra}) 16... Ne6 17. Qb3 d4 18. Qxb7 {If
compared to the game, Black does not have the move ...Rab8.}) 16. Rc1 Ne6 17.
Qb3 d4 18. Qxb7 Rab8 19. Qxa7 Rxb2 {We have reached an interesting situation.
White has a potentially dangerous passed pawn, but his coordination is far
from perfect. Black has strong pressure in the centre, keeping two main
positional threats in reserve: ...d3 or ...dxe3. The latter should be handled
with care, because the f-file is opened for the f1-rook. At the same time,
White cannot think seriously about releasing the tension, because after ed4, ..
.Nxd4, the black knight would ensure Black at least equal play.} 20. Qa6 (20.
exd4 Nxd4 21. Bg4 g6 $44) 20... g6 {Kramnik decides to improve his position
systematically, maintaining the tension in the centre.} (20... dxe3 $5 21. fxe3
Qe5 $132) 21. a4 Kg7 22. a5 $6 {Too optimistic. White spends two whole tempos
on pawn moves, without improving the coordination of his pieces in any way.} (
22. Qc4 $1 {looks like the critical continuation, returning with the queen
into the game.}) 22... Qe5 $1 {After this accurate move, the white queen is
tied up to the defence of the a-pawn.} 23. Qa7 {Who said "A"...} (23. exd4 Nxd4
24. Bd1 Rd5 25. Ra1 Rbb5 $15 {or}) (23. Qc4 Qxa5 $15 {leave Black with the
more active piece placement in conditions of material equality.}) 23... d3 24.
Rb1 $6 {This attempt to easen the position by simplifications will be crowned
by success, but only with Black's cooperation.} ({The consequent continuation
would have been} 24. Ra1 {, sustaining the passed pawn. Black would have
maintained excellent play, nevertheless.} Ng5 25. Bd1 Ne4 {/\...Nxf2, /\...Rxf2
} 26. f4 $8 Qf6 $44) 24... Rxb1 $6 (24... Ra2 $1 {would have put White in an
unpleasant situation.} 25. a6 ({The countreplay based on} 25. Rb7 {fails to}
Ng5) 25... Rd6 26. Bb7 Nc5 $15 {There is no way to save the a6-pawn. For
instance:} 27. h3 (27. Qa8 Nxa6) (27. Rfd1 $6 Nxb7 28. Rxb7 Rdxa6 29. Rxf7+ Kg8
30. Qc7 Ra1 $19) 27... Nxb7 28. Rxb7 (28. axb7 Rxa7 29. b8=Q Ra2 $17) 28... Qf6
$15) 25. Rxb1 Ng5 26. Qb6 (26. Bd1 Ne4) 26... Nxf3+ 27. gxf3 Qd5 28. Qd4+ {
Not a nice move to make with White, just few moves away from the opening, but
a draw is a draw irrespective of the way it is achieved.} Qxd4 29. exd4 Rxd4
30. Rd1 Ra4 31. Rxd3 Rxa5 1/2-1/2

[Event "FIDE World Cup"]
[Site "Tbilisi"]
[Date "2017.09.08"]
[Round "2.3"]
[White "Mamedyarov, Shakhriyar"]
[Black "Kuzubov, Yuriy"]
[Result "0-1"]
[WhiteElo "2797"]
[BlackElo "2652"]
[Annotator "Marin,M"]
[PlyCount "110"]
[EventDate "2017.09.03"]
[EventType "k.o."]
[EventRounds "7"]
[EventCountry "GEO"]
[SourceTitle "CBM 181"]
[Source "ChessBase"]
[SourceDate "2017.11.10"]
[SourceVersion "1"]
[SourceVersionDate "2017.11.10"]
[SourceQuality "1"]

1. d4 Nf6 2. c4 e6 3. Nf3 d5 4. Nc3 Nbd7 5. Bf4 dxc4 6. e3 b5 {This looks like
the most aggressive answer, but in fact it leads to a position where Black is
just suffering a pawn down in the hope Black's imperfect structure will
prevent him from finding a winning plan.} 7. Nxb5 Bb4+ 8. Nc3 ({By far more
popular than} 8. Nd2 Nd5 9. Bg3 N7b6 10. Qc2 O-O 11. Be2 Ba6 12. Nc3 c5 13.
dxc5 Bxc5 (13... Nxc3 14. bxc3 Bxc5 {Aronian,L (2786)-Anand,V (2762) Moscow
2016 CBM 172 [Marin,M] (½-½, 31)}) 14. Nxd5 Nxd5 15. Bxc4 Bxc4 16. Nxc4 Rc8 {
Gelfand,B (2735)-Grachev,B (2639) Moscow 2016 CBM 171 [Besenthal,K] (1-0, 119)}
) 8... Nd5 9. a3 $5 {This simple move forces Black into releasing the tension
without having beneffited from the pin too much.} (9. Rc1 {offers Black the
time to get coordinated.} N7b6 (9... Nxf4 $6 10. exf4 Nb6 11. Bxc4 $1 {This is
why the exchange is premature! The black bishop is hanging to Qa4+.} O-O 12.
Be2 {Mamedyarov,S (2761)-Aronian,L (2795) Moscow 2016 (1-0, 61)}) {But now the
threat ...Nxf4 is real.} 10. Bg3 (10. Bg5 f6 11. Bh4 O-O 12. Nd2 Ba6 13. Be2 c5
$132 {Kempinski,R (2615)-Kryvoruchko,Y (2682) Poland 2016 (0-1, 38)}) 10... O-O
11. Be2 c5 $11 {Wojtaszek,R (2727)-Grandelius,N (2635) Gibraltar 2016 (½-½,
30)}) 9... Nxc3 10. Qd2 $1 Nd5 11. axb4 Nxf4 12. exf4 Bb7 13. Be2 Nb6 ({
It makes sense to delay castling, in order to place the other pieces on
optiimal positions. If} 13... O-O 14. O-O Nb6 15. Ne5 Qd6 16. Rfd1 Rfb8 17.
Rac1 Qd5 18. Bf1 h6 19. Nxc4 Nxc4 20. Rxc4 $16 {Nakamura,H (2787)-Carlsen,M 
(2855) Paris (blitz) 2016 CBM 173 [Besenthal,K] (0-1, 59)}) 14. O-O Qd6 15. Ra5
(15. Rfc1 O-O 16. Ne5 Rfd8 17. Nxc4 Nxc4 18. Bxc4 Qxd4 19. Qxd4 Rxd4 20. f5 Bc8
(20... exf5 21. Bxf7+ Kxf7 22. Rxc7+ Kf6 23. Rxb7 Rad8 24. g3 Rd1+ 25. Rxd1
Rxd1+ 26. Kg2 Rd4 27. h4 $14) 21. fxe6 Bxe6 22. Bxe6 fxe6 23. Rxc7 Rxb4 24. Rd1
Rxb2 25. f3 Kh8 26. Rdd7 Rb1+ 27. Kf2 Rb2+ 28. Kg3 Rg8 29. Rxa7 Rbb8 30. h4 h6
31. Re7 Rbe8 {Gustafsson,J (2630)-Naiditsch,A (2685) Linares 2015 (½-½, 47)
with a drawn ending.}) ({One important point is that with Black's pieces well
placed already} 15. Ne5 {is premature due to} f6 16. Nxc4 $2 Nxc4 17. Bxc4 Qc6
$19) 15... O-O 16. Rc5 (16. Ne5 {is still premature due to} f6) 16... Rfd8 ({
Another game on the same theme went} 16... Rfb8 17. Ne5 Bd5 18. Bxc4 Nxc4 19.
Nxc4 Bxc4 20. Rxc4 Rb7 21. Rfc1 Rab8 22. g3 h5 23. Qd1 g6 {Rambaldi,F (2544)
-Studer,N (2462) Biel 2016 (½-½, 41)}) 17. Rd1 Na4 {Offering a draw by
repetition. This does not really lose two tempi, as the rook also returns to
a5, but under the new circumstances Ne5 will be possible and good.} ({Therefore
} 17... f6 $5 {deserves mentioning} 18. Ne1 Bd5 19. Ra1 {[%cal Ge1c2,Gg2g3,
Gc2e3]}) 18. Ra5 Nb6 19. Ne5 Bd5 (19... f6 $6 {weakens the kingside without
preventing the pawn capture:} 20. Nxc4 Nxc4 21. Bxc4 Qc6 22. Bf1 $1) 20. Rc5
Rab8 21. Ra1 Rb7 22. h4 {White can win the pawn whenever he wants, but this
does not guarantee a win. Mamedyarov decides on gaining kingside space first,
but this is not one-sided.} (22. Nxc4 $6 Bxc4 23. Bxc4 Qxd4 $11) (22. Bxc4 Nxc4
(22... Bxc4 23. Nxc4 Qxd4 $2 24. Qxd4 Rxd4 25. Na5 Rb8 26. Nc6 $18) 23. Nxc4
Bxc4 24. Rxc4 Rdb8 25. Ra4 h6 26. g3 Rb6 27. Qc3 (27. Rxa7 Rxb4 28. Rxb4 Qxb4
29. Qxb4 Rxb4 30. Rxc7 Rxb2 31. Kg2 Rb4 32. Rd7 Kf8 33. d5 exd5 34. Rxd5 {
is just drawn.}) 27... R8b7 28. h4 a6 $14 {The typical position where playing
with Black is not fun, but it may bring half a point home...}) 22... h6 23. Ra6
Qe7 24. h5 Nd7 25. Nxd7 Rxd7 26. Ra3 ({The h5-pawn can easily turn into a
weakness after, for instance,} 26. Bxc4 Bxc4 27. Rxc4 Rd5 28. Ra5 Qh4 29. Rxd5
exd5 30. Rc5 Qxh5 31. b5 Qf5 $14 {White still has has the more pleasant
position, but this time with equal pawns.}) 26... Rd6 (26... Qd8 $5 $11 {
seems to solve all Black's problems at once.} 27. Bxc4 $2 Be4 $15) 27. Bxc4
Bxc4 28. Rxc4 Rdb6 29. Ra4 Qd7 {Finally the typical major piece position with
an extra pawn has arisen.} 30. Ra5 Rb5 31. Qc3 $6 {Typical rapid chess
carelessness.} (31. g3 Qd6 32. Rxb5 Rxb5 33. Rc5 $14) 31... Qd6 $1 {[%csl Gb4,
Gf4]} 32. Rxb5 (32. g3 Rxb4) 32... Rxb5 33. Rxc7 Qxf4 34. Rc5 Rb8 {The worst
is behind already for Black.} 35. b5 (35. d5 {is a better try, but Black has a
foced draw after the accurate} Rd8 $1 (35... exd5 36. Rxd5 Re8 37. g3 $14) 36.
Rc8 Rxc8 37. Qxc8+ Kh7 38. dxe6 Qxb4 39. Qc2+ Kh8 40. exf7 Qe1+ 41. Kh2 Qe5+
42. g3 Qxh5+ 43. Kg1 Qxf7 $11) 35... Qe4 36. Re5 Qb1+ 37. Kh2 Qf1 (37... Qd1
$11) 38. Qc2 Rxb5 $4 (38... Rd8 $5) 39. Rc5 $4 (39. Qc8+ $1 Kh7 40. Qa6 {
pins and wins the rook!!}) 39... Rb8 40. d5 exd5 41. Rxd5 $11 {As sometimes
happens, insisting on playing for a win in a dead draw position will backfire
painfully.} Re8 42. Qf5 Qe2 43. g3 (43. b4 Qe4 $11) 43... Qxb2 {Why not?? It
is for free!!} (43... Qe4 $11) 44. Rd7 Qa2 45. Kg2 a6 46. Rd6 Qc4 47. Kh2 Qb5
48. Qf3 (48. Qxb5 axb5 49. Rb6 Re5 50. g4 Kf8 51. Rb7 $15 {should draw.}) 48...
a5 49. Rd5 Qc6 50. Qd3 a4 51. Rd6 $2 Qc5 $1 {A decisive double attack, winning
the second pawn.} 52. Kg2 Qxh5 53. Ra6 Qg4 54. Qb5 Qe4+ 55. Kg1 Ra8 0-1

[Event "Olympiad-38"]
[Site "Dresden"]
[Date "2008.11.22"]
[Round "9"]
[White "Bluvshtein, Mark"]
[Black "Meier, Georg"]
[Result "0-1"]
[WhiteElo "2557"]
[BlackElo "2558"]
[Annotator "Meier,Georg"]
[PlyCount "118"]
[EventDate "2008.11.13"]
[EventType "team-swiss"]
[EventRounds "11"]
[EventCountry "GER"]
[SourceTitle "CBM 128"]
[Source "ChessBase"]
[SourceDate "2009.01.28"]
[SourceVersion "1"]
[SourceVersionDate "2009.01.28"]
[SourceQuality "1"]
[WhiteTeam "Canada"]
[BlackTeam "Germany II"]
[WhiteTeamCountry "CAN"]
[BlackTeamCountry "GER"]

1. d4 e6 2. c4 Nf6 3. Nf3 d5 4. Nc3 Be7 5. Bf4 O-O 6. e3 c5 7. dxc5 Bxc5 8. a3
Nc6 9. cxd5 Nxd5 10. Nxd5 exd5 11. Bd3 Bb6 12. O-O Bg4 (12... d4 13. e4 Bg4 14.
h3 Qf6 {ist die Alternative.}) 13. h3 Bh5 14. b4 (14. Rc1) (14. Be2) 14... d4
$5 {Ich dachte, wenn Nielsen schon so gespielt hat, ist es einen Versuch wert..
.} 15. b5 (15. g4 Bg6 16. e4 Rc8 17. Rc1 f6 18. Bc4+ Kh8 19. Be6 Ra8 20. Bd5
Qd7 21. Qb3 Rae8 22. Nd2 d3 (22... Ne5 $142 23. Bg3 Bf7 $11 {Krasenkow}) 23.
Qxd3 Nd4 24. Bc4 $16 {1-0 Krasenkow,M (2660)-Nielsen,P (2638)/Copenhagen 2007/
CBM 119 ext (43)}) 15... Na5 16. exd4 {[%csl Gb6,Rd4,Rf2] Der Bb6 wurde durch
das Bauernopfer besonders belebt, beißt er in diesem System doch gewöhnlich
auf Granit in Form des Pe3.} Qd5 $1 $146 (16... Bxd4 $2 17. Bxh7+ Kxh7 18. Qd3+
Bg6 19. Qxd4 Nb3 20. Qxd8 Rfxd8 21. Ra2 Bd3 22. Re1 Bxb5 23. Rb2 Bc4 24. Reb1
Na5 25. Bc7 Rd5 26. Bxa5 Rxa5 27. Rxb7 $14 {1-0 Ruck,R (2569)-Farago,I (2506)/
Balatonlelle 2002/CBM 090 (90)}) 17. Be2 (17. Re1 Bxf3 18. Qxf3 Qxf3 19. gxf3
Nb3 $11) 17... Rad8 18. Rb1 (18. Rc1 Nb3 19. Bc4 Qe4 20. Qxb3 Qxf4 $44) 18...
Bxf3 19. Bxf3 Qxd4 20. Qxd4 Rxd4 {[%csl Ga5,Gb6][%cal Rb6g1] Schwarz hat eine
stabile Kontrolle auf den dunklen Feldern und einen aktiven Turm, während dem
weißen Läuferpaar ein Ziel fehlt. Die Stellung befindet sich im Gleichgewicht.}
21. Be5 Rd3 $6 {Ein sinnloser Zug, da der Pa3 nicht hängt.} (21... Rd2 $142 {
[%csl Gb6,Gd2,Rf2][%cal Rd2f2,Rb6f2] Der Druck gg. f2 verhindert den in der
Partie möglichen Abtausch.}) 22. Be4 $2 (22. Rfd1 $142 Rfd8 23. Rxd3 Rxd3 24.
Rc1 {gibt Weiß einen symbolischen Vorteil.}) 22... Rd7 23. Bc3 Rfd8 {Die
d-Linie ist fest in schwarzer Hand. Das nötige Einbruchsfeld wird durch das
Eindringen des Springers erkämpft.} 24. Bb4 Nc4 25. a4 Nd2 26. Bxd2 Rxd2 27.
Bxb7 Ra2 {Weiß hat einen belanglosen Mehrbauern und muss angesichts des Drucks
gg. f2 bereits um den Ausgleich kämpfen.} 28. Rb4 $2 {Nun behält Schwarz 2
äußerst aktive Türme, während Weiß keinerlei Koordination herstellen kann.} ({
Mit} 28. Ra1 {ließ sich der Druck reduzieren.}) 28... g6 29. Rf4 Rdd2 30. Bc6
Kg7 31. h4 $6 {mit Remisangebot! Nach meinem nächsten Zug schien meinem Gegner
jedoch allmählich klar zu werden, dass er ernste Schwierigkeiten zu überwinden
hat.} (31. g4 $1 {war vorzuziehen, um die schwarze Expansion mit f5 zu
unterbinden. Eine meiner Ideen bestand darin nach} f6 32. Kg2 Be3 33. Rf3 Bd4
34. Rf4 Be5 {mit dem König nach b6 zu marschieren, a7-a5 zu spielen und dann
den a-Bauern zu schlagen, wonach Weiß vor neuen Problemen stünde.}) 31... f5
32. h5 $2 (32. g3 {war zäher, denn nach} Kf6 33. Kg2 h6 34. g4 $1 {kommt Weiß
zu Gegenspiel:} Ke5 35. Rf3 Rxa4 36. Re1+ Kf6 37. gxf5 gxf5 38. Re8) 32... Kf6
33. hxg6 hxg6 34. Rf3 (34. g4 $2 Kg5 $19) 34... Rxa4 35. g3 Rc4 {Droht im
geeigneten Moment mit a5 einen Freibauern ins Rennen zu schicken.} 36. Bb7 g5 {
Weiß kann den Verlust eines Bauern nicht vermeiden und verbleibt mit der
Schwäche f2.} 37. Kg2 g4 38. Rf4 Rxf4 ({Das subtile} 38... Rc5 $1 39. Bc6 (39.
Rb4 Rcc2 40. Rf4 Be3) 39... Kg5 {gewinnt viel einfacher, denn Weiß gerät
allmählich in Zugzwang!}) 39. gxf4 Bc7 40. Re1 (40. Kg3 Rd4) 40... Bxf4 41. Kf1
Rc2 (41... Bc7 {wäre zielstrebiger.}) 42. Re2 Rc1+ 43. Re1 Rc5 44. Bc6 Be5 45.
Bd7 Rd5 46. Bc6 Rd6 47. Bb7 Rd4 48. Bc8 $6 {Jetzt gerät auch noch der Läufer
ins Abseits, wonach die Verwertung des Übergewichts leicht fällt.} Rd5 49. Rb1
Bc7 50. Rb2 Kg5 51. Kg2 f4 52. f3 g3 53. Be6 Rc5 54. Rd2 Rxb5 55. Bc4 Rc5 56.
Be2 Bb6 57. Rb2 Rc1 58. Bf1 Be3 59. Ra2 Rd1 0-1